[Event "EIWCC 2017"]
[Site "Riga"]
[Date "2017.04.17"]
[Round "7"]
[White "Fuchs, Judith"]
[Black "Arda, Cagil Irmak"]
[Result "1-0"]
[WhiteElo "2274"]
[BlackElo "2089"]
[Annotator "TA"]
[PlyCount "177"]
[EventDate "2017.??.??"]
[EventType "swiss"]
[EventCountry "LAT"]
[SourceTitle "playchess.com"]
[Source "ChessBase"]
[SourceQuality "1"]

{[%evp 19,177,0,6,0,1,-17,-20,-17,0,0,0,-8,0,0,-30,-29,64,61,60,49,45,51,47,47,76,69,78,70,91,62,144,144,155,155,155,150,148,144,182,182,183,183,183,183,183,183,183,183,183,183,183,183,183,183,183,183,183,183,183,183,183,183,183,183,183,183,183,183,183,183,183,183,202,202,202,202,202,202,202,202,202,202,202,201,201,201,201,201,201,201,201,201,201,201,202,0,201,0,195,195,195,171,171,171,171,171,171,171,171,171,171,171,171,151,151,151,171,171,171,138,171,171,152,114,151,0,151,151,171,171,171,117,94,66,131,119,119,77,119,26,119,119,119,119,128,119,119,119,136,153,575,564,578,567,506,491,1054,1009,5667,5197]} 1. e4 c5 2. Nf3 Nc6 3. Nc3 d6 4. d4 cxd4 5. Nxd4 Nf6 6. Be2 e5 7. Nf3 h6 8. O-O Be7 9. Re1 O-O 10. Bf1 Bg4 {[%cal Bc8g4,Bg4h5,Bh5g6][%mdl 32]} 11. h3 {B58: Classical Sicilian: 6 Be2} Bh5 12. g4 (12. Be3 Rc8 13. a3 Kh8 14. Rc1 a6 15. g4 Bg6 16. Nh4 Bxe4 17. Nxe4 Nxe4 18. Nf5 Bg5 {1-0 (53) Morozevich,A (2750)-Kozul,Z (2588) Novi Sad 2009}) 12... Bg6 13. Bc4 {The position is equal.} Rc8 14. Nh4 $146 (14. Bb3 Nb8 15. Qd3 Na6 16. Be3 Nc5 17. Bxc5 Rxc5 18. Nh4 Bh7 {0-1 (33) Tournier,P (2172)-Vuilleumier,A (2164) Geneve 2002}) 14... Bh7 {next ...Nxe4 is good for Black.} 15. Nf5 Bxf5 16. gxf5 Nd4 17. Bb3 Nh7 (17... d5 $11 18. Nxd5 (18. exd5 Bd6 $15) 18... Nxd5 19. exd5 Bc5) 18. Nd5 Bg5 19. c3 Bxc1 20. Rxc1 Nxb3 21. axb3 Qg5+ 22. Qg4 Rfe8 23. Ra1 a6 24. Re3 Qxg4+ (24... Nf6 $14 25. Qxg5 hxg5) 25. hxg4 $16 Nf6 26. Nxf6+ gxf6 {[%mdl 4096] Endgame KRR-KRR} 27. Rd3 Red8 28. Kg2 Rc5 29. b4 Rb5 30. Rad1 Rb6 31. Rd5 Kf8 32. Rh1 Kg7 33. Kf3 Ra8 34. Rhd1 Rd8 35. Ke3 Kf8 36. Rh1 Kg7 37. f3 Rh8 38. Rhd1 Rd8 39. Kd3 Rc8 40. Rd2 Rc7 41. Ke2 Rd7 42. Kd1 Kf8 43. Rh2 Kg7 44. Kc2 Rc6 45. Kb3 b5 46. Rh1 Rd8 47. Rhd1 Kf8 48. R5d2 Kg7 49. Kc2 Rd7 50. Rd5 Rd8 51. Kd3 Kf8 52. Rh1 Kg7 53. Ke3 Rd7 54. Rd2 Rd8 55. Rdh2 Rh8 56. Kd3 Rc7 57. Ke3 Rc6 $1 58. Rd2 Rd8 $1 59. Rhd1 Rd7 60. f4 exf4+ 61. Kxf4 Rd8 62. Kf3 Rd7 63. Rd3 Rd8 64. Kg3 Kf8 65. Rd5 Ke7 66. Rh1 Rh8 67. Rd2 Kf8 68. Rhd1 Ke7 69. Kf4 Rh7 70. Rd3 Rh8 71. Ke3 Rg8 72. Kf4 Rh8 $1 73. Rh3 Kf8 74. Ke3 Kg7 75. Rdh1 ({Better is} 75. Rh2 $18) 75... Rc4 76. Kd3 Rc7 (76... d5 $1 $14) 77. b3 Re7 78. c4 Re5 79. Ra1 (79. Kd4 $16) 79... Ra8 (79... Rb8 $1 $11) 80. Rh2 Rae8 81. Re2 ({Don't take} 81. Rxa6 Rxe4 82. Rxd6 (82. cxb5 Rxb4 83. Rxd6 Re5 $15) 82... Rxg4 $14) 81... Ra8 82. Rh1 Rb8 {[#]} 83. Reh2 $1 {[%cal Rh2h6]} bxc4+ 84. bxc4 {Strongly threatening g5.} Rxb4 $2 (84... Rh8 $16 85. Ra1 Rb8) 85. Rxh6 $18 {Threatening mate with Rh8.White is clearly winning.} Re8 {[#]} 86. g5 $1 {[%cal Bg4g5,Bg5g6][%mdl 544]} Rg8 (86... fxg5 87. f6+) 87. Rxf6 Kf8 (87... Rb3+ $142 88. Kd4 Rg3 89. Rxd6 Rxg5) 88. g6 Rb7 89. Rh7 1-0

[Event "EIWCC 2017"]
[Site "Riga"]
[Date "2017.04.17"]
[Round "7"]
[White "Ozturk, Kubra"]
[Black "Semenova, Elena"]
[Result "1/2-1/2"]
[WhiteElo "2261"]
[BlackElo "2212"]
[Annotator "ChessBase"]
[PlyCount "120"]
[EventDate "2017.??.??"]
[EventType "swiss"]
[EventCountry "LAT"]
[SourceTitle "playchess.com"]
[Source "ChessBase"]
[SourceQuality "1"]
[TimeControl "40/5400+30:1800+30"]

1. d4 {[%emt 0:00:00]} Nf6 {[%emt 0:00:17]} 2. c4 {[%emt 0:00:00]} e6 {[%emt 0:00:18]} 3. Nc3 {[%emt 0:00:07]} Bb4 {[%emt 0:00:22]} 4. e3 {[%emt 0:00:13]} O-O {[%emt 0:00:24]} 5. Nge2 {[%emt 0:00:09]} c6 {[%emt 0:00:16]} 6. a3 {[%emt 0:00:59]} Ba5 {[%emt 0:00:15]} 7. Ng3 {[%emt 0:04:15]} d5 {[%emt 0:00:31]} 8. Bd3 {[%emt 0:00:19]} dxc4 {[%emt 0:02:06]} 9. Bxc4 {[%emt 0:00:07]} c5 {[%emt 0:00:29]} 10. O-O {[%emt 0:07:31]} cxd4 {[%emt 0:05:17]} 11. exd4 {[%emt 0:04:00]} Nc6 {[%emt 0:00:26]} 12. b4 {[%emt 0:09:59]} Bb6 {[%emt 0:04:25]} 13. d5 {[%emt 0:00:36]} Bd4 {[%emt 0:31:56]} 14. dxc6 {[%emt 0:04:04]} Bxc3 {[%emt 0:00:04]} 15. cxb7 {[%emt 0:22:31]} Bxb7 {[%emt 0:00:18]} 16. Qxd8 {[%emt 0:07:12]} Rfxd8 {[%emt 0:00:06]} 17. Rb1 {[%emt 0:00:22]} Rac8 {[%emt 0:03:55]} 18. Be2 {[%emt 0:00:45]} Ne4 {[%emt 0:05:28]} 19. Bf3 {[%emt 0:03:50]} Nxg3 {[%emt 0:00:52]} 20. hxg3 {[%emt 0:00:19]} Bxf3 {[%emt 0:00:37]} 21. gxf3 {[%emt 0:00:04]} Bd4 {[%emt 0:01:53]} 22. Rb3 {[%emt 0:04:57]} Rc2 {[%emt 0:02:43]} 23. Be3 {[%emt 0:01:08]} Bxe3 {[%emt 0:05:14]} 24. Rxe3 {[%emt 0:00:06]} g6 {[%emt 0:08:41]} 25. f4 {[%emt 0:02:09]} Rd5 {[%emt 0:02:58]} 26. Rfe1 {[%emt 0:00:30]} h5 {[%emt 0:10:32]} 27. Rb1 {[%emt 0:07:14]} Rdd2 {[%emt 0:00:59]} 28. Rf3 {[%emt 0:00:13]} Kg7 {[%emt 0:00:52]} 29. Re1 {[%emt 0:00:50]} Rd5 {[%emt 0:05:27]} 30. Kg2 {[%emt 0:01:05]} Rb2 {[%emt 0:01:06]} 31. Rc3 {[%emt 0:03:43]} Ra2 {[%emt 0:02:11]} 32. Ree3 {[%emt 0:02:53]} Rdd2 {[%emt 0:01:25]} 33. Rf3 {[%emt 0:00:02]} Rd6 {[%emt 0:00:35]} 34. Rc7 {[%emt 0:00:51]} a6 {[%emt 0:01:26]} 35. Ra7 {[%emt 0:01:23]} Kf8 {[%emt 0:00:58]} 36. Rc3 {[%emt 0:00:37]} Rdd2 {[%emt 0:00:17]} 37. Rf3 {[%emt 0:00:52]} Rdb2 {[%emt 0:01:25]} 38. Rxa6 {[%emt 0:00:19]} Rxb4 {[%emt 0:00:13]} 39. axb4 {[%emt 0:05:18]} Rxa6 {[%emt 0:00:03]} 40. b5 {[%emt 0:00:00]} Rb6 {[%emt 0:00:13]} 41. Rb3 {[%emt 0:00:46]} Ke7 {[%emt 0:00:32]} 42. Kf3 {[%emt 0:02:39]} Kd6 {[%emt 0:01:31]} 43. Ke4 {[%emt 0:00:26]} f6 {[%emt 0:03:00]} 44. Kd4 {[%emt 0:00:35]} Rb8 {[%emt 0:04:07]} 45. Kc4 {[%emt 0:04:03]} Ra8 {[%emt 0:03:23]} 46. Kb4 {[%emt 0:01:20]} Ra2 {[%emt 0:03:01]} 47. Rd3+ {[%emt 0:00:31]} Kc7 {[%emt 0:00:17]} 48. Rc3+ {[%emt 0:01:41]} Kb7 {[%emt 0:00:57]} 49. Rf3 {[%emt 0:09:47]} Rc2 {[%emt 0:00:45]} 50. Re3 {[%emt 0:00:43]} Rxf2 {[%emt 0:00:40]} 51. Rxe6 {[%emt 0:00:23]} h4 {[%emt 0:01:31]} 52. gxh4 {[%emt 0:00:31]} Rxf4+ {[%emt 0:00:56]} 53. Kc5 {[%emt 0:00:03]} Rxh4 {[%emt 0:01:25]} 54. Rb6+ {[%emt 0:01:44]} Kc7 {[%emt 0:00:08]} 55. Rxf6 {[%emt 0:00:10]} Rh5+ {[%emt 0:00:08]} 56. Kb4 {[%emt 0:01:23]} Rh7 {[%emt 0:00:17]} 57. Rxg6 {[%emt 0:00:36]} Kb7 {[%emt 0:00:04]} 58. Ka5 {[%emt 0:00:24]} Rf7 {[%emt 0:00:04]} 59. Rg5 {[%emt 0:01:13]} Re7 {[%emt 0:00:04]} 60. b6 {[%emt 0:00:16]} Rh7 {[%emt 0:00:06]} 1/2-1/2

[Event "EIWCC 2017"]
[Site "Riga"]
[Date "2017.04.17"]
[Round "7"]
[White "Sedina, Elena"]
[Black "Houska, Jovanka"]
[Result "0-1"]
[WhiteElo "2253"]
[BlackElo "2397"]
[Annotator "TA"]
[PlyCount "100"]
[EventDate "2017.??.??"]
[EventType "swiss"]
[EventCountry "LAT"]
[SourceTitle "playchess.com"]
[Source "ChessBase"]
[SourceQuality "1"]

{[%evp 30,100,-7,-4,20,0,0,0,5,0,14,14,18,6,8,17,8,1,8,15,9,9,18,14,15,11,32,29,49,50,56,50,58,50,68,0,33,0,44,0,14,0,0,-60,-68,-160,-131,-159,-153,-132,-86,-117,-117,-117,-117,-707,-707,-703,-704,-689,-688,-675,-675,-666,-666,-610,-591,-1193,-1179,-1149,-1113,-932,-883]} 1. e4 c6 2. c4 d5 3. exd5 cxd5 4. cxd5 Nf6 5. Nc3 Nxd5 6. Nf3 Nc6 7. d4 {[%cal Bd2d4,Bd4d5][%mdl 32]} g6 8. Bc4 Nb6 9. Bb3 Bg7 10. d5 Na5 11. O-O O-O 12. Re1 Bg4 13. Bg5 Re8 14. h3 {D94: Grünfeld: 4 Nf3 Bg7 5 e3} Bxf3 15. Qxf3 Nxb3 16. axb3 {LiveBook: 10 Games. The position is equal.} Nc8 17. Rad1 Nd6 18. g4 Qd7 $146 (18... Rc8 19. Re2 Rc7 20. Rde1 Rd7 {½-½ (45) Hamark,J (2378)-Ernst,T (2504) Sweden 2008}) 19. Re2 h6 20. Bf4 Rac8 21. Be5 b5 22. Qf4 a5 23. Rde1 Bxe5 24. Rxe5 Kg7 25. Qd4 $36 {[%mdl 2048] White is more active.} Kh7 26. Ne4 Nxe4 27. Qxe4 Qd6 28. h4 ({But not} 28. Rxe7 Rxe7 29. Qxe7 Qxd5 $17) 28... Rcd8 29. h5 {[#] And now Re6! would win.} Kg7 30. hxg6 Qxg6 31. Qd4 ({Of course not} 31. Rxe7 Rxe7 32. Qxg6+ Kxg6 $17) 31... Kf8 32. Rf5 (32. Kg2 $14) 32... Kg8 33. Rfe5 Rd7 34. f3 Qf6 35. Qe3 Red8 36. Rxe7 ({White should play} 36. Qe4 $11) 36... Rxd5 $15 {aiming for ...Rd3.} 37. Re8+ ({White should try} 37. Qc3 $15 Qxc3 38. bxc3) 37... Rxe8 $17 38. Qxe8+ {[%mdl 4096] Endgame KQR-KQR} Kg7 39. Qe2 Qf4 40. Rd1 Re5 41. Qf2 Re3 42. b4 $2 {[%mdl 8192]} (42. Kg2 $17) 42... Rxf3 $19 {Black is clearly winning.} 43. Qd4+ Qxd4+ 44. Rxd4 {[#] KR-KR} a4 $1 45. Rd5 Rb3 $1 {[%csl LRb2,LRb4]} 46. Rxb5 Rxb2 47. Ra5 Rxb4 48. g5 Rg4+ 49. Kf2 hxg5 50. Kf3 Rf4+ 0-1

[Event "EIWCC 2017"]
[Site "Riga"]
[Date "2017.04.17"]
[Round "7"]
[White "Narva, Mai"]
[Black "Parhomenko, Margarita"]
[Result "1-0"]
[WhiteElo "2249"]
[BlackElo "1987"]
[Annotator "NA"]
[PlyCount "77"]
[EventDate "2017.??.??"]
[EventType "swiss"]
[EventCountry "LAT"]
[SourceTitle "playchess.com"]
[Source "ChessBase"]
[SourceQuality "1"]
[TimeControl "40/5400+30:1800+30"]

1. e4 {[%emt 0:00:00]} e6 {[%emt 0:00:04]} 2. d4 {[%emt 0:00:00]} d5 {[%emt 0:00:04]} 3. e5 {[%emt 0:00:00]} c5 {[%emt 0:00:07]} 4. c3 {[%emt 0:00:00]} Nc6 {[%emt 0:00:11]} 5. Nf3 {[%emt 0:00:03]} Qb6 {[%emt 0:00:22]} 6. a3 {[%emt 0:00:17]} c4 {[%emt 0:00:27]} 7. Nbd2 {[%emt 0:00:18]} Na5 {[%emt 0:00:26]} 8. g3 {[%emt 0:00:21]} Bd7 {[%emt 0:00:56]} 9. Bg2 {[%emt 0:00:33]} O-O-O {[%emt 0:12:44]} 10. O-O {[%emt 0:00:32] C02: French: Advance Variation} f5 {[%emt 0:00:14]} 11. exf6 {[%emt 0:01:03]} gxf6 {[%emt 0:00:15]} 12. Re1 {[%emt 0:01:44]} Bd6 {[%emt 0:04:30]} 13. Nf1 $146 {[%emt 0:02:16]} (13. Bh3 Bc7 14. Rb1 Kb8 15. b4 cxb3 16. Nxb3 Ne7 17. Nfd2 Qc6 {1-0 (36) Grischuk,A (2771)-Vitiugov,N (2709) Moscow 2010}) 13... Ne7 {[%emt 0:07:08]} 14. Bh3 {[%emt 0:07:37]} Bc7 {[%emt 0:11:40]} 15. Qe2 {[%emt 0:01:17]} Nf5 {[%emt 0:02:43]} 16. Bxf5 {[%emt 0:03:58]} exf5 {[%emt 0:00:07]} 17. Ne3 {[%emt 0:01:08]} Qe6 {[%emt 0:11:05]} 18. Ng2 {[%emt 0:08:30]} Qf7 {[%emt 0:04:14]} 19. Bf4 {[%emt 0:02:07]} Rde8 {[%emt 0:06:48]} 20. Qc2 {[%emt 0:01:27]} Nb3 {[%emt 0:02:00]} 21. Rad1 {[%emt 0:00:43]} Re4 {[%emt 0:08:54]} 22. Bxc7 {[%emt 0:01:59]} Kxc7 {[%emt 0:00:44]} 23. Nd2 {[%emt 0:03:33]} Nxd2 {[%emt 0:06:05]} 24. Qxd2 {[%emt 0:00:21]} Ba4 {[%emt 0:01:55]} 25. f3 {[%emt 0:04:48]} Ree8 {[%emt 0:05:02]} 26. Qf4+ {[%emt 0:03:13]} Kc6 {[%emt 0:02:20]} 27. Rc1 {[%emt 0:01:32]} Rxe1+ $18 {[%emt 0:06:21]} 28. Rxe1 {[%emt 0:00:12]} Qd7 {[%emt 0:03:46]} 29. Ne3 {[%emt 0:02:12]} Re8 {[%emt 0:00:13]} 30. Kf2 {[%emt 0:00:31]} Qe6 {[%emt 0:01:59]} 31. Ng2 {[%emt 0:07:59]} Qd7 {[%emt 0:00:53]} 32. Rxe8 {[%emt 0:00:15]} Qxe8 {[%emt 0:00:13]} 33. Qxf5 {[%emt 0:03:46]} Qf7 {[%emt 0:00:25]} 34. Nf4 {[%emt 0:01:24]} Bd1 {[%emt 0:01:52]} 35. Qc8+ {[%emt 0:00:58]} Kb6 {[%emt 0:00:39]} 36. Qc5+ {[%emt 0:00:21]} Ka6 {[%emt 0:00:04]} 37. Nxd5 {[%emt 0:00:21]} b5 {[%emt 0:00:55]} 38. Qc6+ {[%emt 0:02:22]} Ka5 {[%emt 0:00:10]} 39. Nc7 {[%emt 0:00:22]} 1-0

[Event "EIWCC 2017"]
[Site "Riga"]
[Date "2017.04.17"]
[Round "7"]
[White "Abdulla, Khayala"]
[Black "Ovod, Evgenija"]
[Result "1/2-1/2"]
[WhiteElo "2241"]
[BlackElo "2382"]
[Annotator "TA"]
[PlyCount "88"]
[EventDate "2017.??.??"]
[EventType "swiss"]
[EventCountry "LAT"]
[SourceTitle "playchess.com"]
[Source "ChessBase"]
[SourceQuality "1"]

{[%evp 12,88,8,25,31,31,37,37,38,31,30,29,43,36,60,54,61,54,64,43,62,27,36,0,0,0,4,1,28,23,54,40,81,68,65,0,0,0,0,0,0,-9,-6,0,0,-26,0,-18,0,-10,-7,-27,-14,-31,0,0,0,0,0,-28,-48,-145,-143,-158,0,0,0,0,0,0,0,0,0,0,0,0,0,0,0]} 1. e4 e5 2. Nf3 Nc6 3. d4 exd4 4. Nxd4 Bb4+ 5. c3 Bc5 6. Be3 Bb6 7. Nf5 Bxe3 {C45: Scotch Game} (7... g6 8. Bxb6 axb6 9. Ne3 Nf6 10. f3 O-O 11. c4 Nh5 12. Qd2 f5 13. Nc3 f4 14. Ned5 Qh4+ 15. Qf2 {1-0 (30) Yu,Y (2729)-Bu,X (2705) Doha 2016}) 8. Nxe3 Nf6 9. f3 {[%cal Bf2f3,Bf3f4][%mdl 32]} O-O {White is slightly better.} 10. c4 d6 11. Nc3 Be6 12. Bd3 Nd7 13. O-O {[%cal Bh1f1,Bf1f3,Bf3g3][%mdl 32]} Nc5 14. f4 $146 (14. Bc2 f6 15. Qd2 {1-0 (60) Tomczak,J (2596)-Koziak,V (2465) Poznan 2015}) 14... f6 15. Rf3 Qd7 16. Rg3 Kh8 17. Ncd5 Rae8 18. b4 Nxd3 19. Qxd3 Bxd5 20. Nxd5 (20. Qxd5 Nxb4 21. Qxb7 Nc6 $17) 20... f5 21. exf5 Rxf5 22. Rh3 h6 23. b5 ({White should try} 23. Re3 $14 Rxe3 24. Qxe3) 23... Ne7 $11 24. Re3 Rff8 25. Nxe7 (25. g3 $5 {creates asymmetry.} Nxd5 26. Rxe8 Rxe8 27. cxd5 Re7 28. a4) 25... Rxe7 26. Rf1 Rxe3 27. Qxe3 {[%mdl 4096] Endgame KQR-KQR} b6 28. Qd4 Qf5 29. Qe3 Qf7 30. Qd3 Re8 31. f5 Re5 32. a4 Rc5 33. Rf4 g5 34. Rf1 $1 Qxc4 35. Qe3 {[#] Threatens to win with Qe8+.} ({Reject} 35. Qxc4 Rxc4 36. Re1 Kg7 $19) 35... Re5 36. Qh3 (36. Qf3 $15) 36... Kh7 $17 37. f6 Qf7 $2 (37... g4 $17 38. Qh4 Qd4+ 39. Kh1 {[#]} Rf5 $1 {[%mdl 512]}) 38. Qd3+ $11 {The position is equal.} Kg8 39. Qh3 $36 {[%mdl 2048] White has the initiative.} h5 40. Qc8+ Kh7 41. Qh3 Kh6 42. Qd3 Rc5 43. Qe4 Re5 44. Qd3 Rc5 1/2-1/2

[Event "EIWCC 2017"]
[Site "Riga"]
[Date "2017.04.17"]
[Round "7"]
[White "Drljevic, Ljilja"]
[Black "Makka, Ioulia"]
[Result "1-0"]
[WhiteElo "2237"]
[BlackElo "2069"]
[Annotator "NA"]
[PlyCount "62"]
[EventDate "2017.??.??"]
[EventType "swiss"]
[EventCountry "LAT"]
[SourceTitle "playchess.com"]
[Source "ChessBase"]
[SourceQuality "1"]
[TimeControl "40/5400+30:1800+30"]

1. g3 {[%emt 0:00:00]} d5 {[%emt 0:01:14]} 2. Bg2 {[%emt 0:00:00]} c6 {[%emt 0:05:17]} 3. Nf3 {[%emt 0:00:07]} Bg4 {[%emt 0:01:16]} 4. O-O {[%emt 0:00:44]} Nd7 {[%emt 0:03:03]} 5. d3 {[%emt 0:01:37]} Ngf6 {[%emt 0:06:16]} 6. Qe1 {[%emt 0:02:41]} e5 {[%emt 0:13:11] LiveBook: 270 Games} 7. e4 {[%emt 0:00:33] A07: Réti Opening: New York and Capablanca Systems} (7. h3 Bxf3 8. Bxf3 e4 9. Bg2 Bc5 10. Nc3 Qe7 11. dxe4 dxe4 12. Bg5 h6 13. Bxf6 Nxf6 14. e3 O-O {½-½ (31) Kramnik,V (2801)-Anand,V (2784) Zuerich 2016}) 7... Bd6 {[%emt 0:02:44]} 8. h3 {[%emt 0:05:12]} Bh5 {[%emt 0:14:00]} 9. Nh4 {[%emt 0:03:01]} O-O {[%emt 0:16:26]} 10. Nf5 {[%emt 0:22:09]} Bc7 {[%emt 0:04:12]} 11. a4 {[%emt 0:04:55]} Re8 $146 {[%emt 0:03:07]} (11... Bg6 12. Nh4 Re8 13. Bg5 dxe4 14. dxe4 Nf8 {0-1 (47) Khotenashvili,B (2426)-Pogonina,N (2492) Khanty-Mansiysk 2016}) 12. a5 {[%emt 0:10:41]} Nf8 {[%emt 0:03:57]} 13. b4 {[%emt 0:09:23]} dxe4 {[%emt 0:05:26]} 14. dxe4 {[%emt 0:00:30]} b6 {[%emt 0:00:36]} 15. a6 {[%emt 0:04:35]} (15. axb6 $14 axb6 16. Rxa8 Qxa8 17. Bg5) 15... Ne6 {[%emt 0:01:47]} 16. Na3 {[%emt 0:03:21]} Qd7 {[%emt 0:07:32]} 17. Bb2 {[%emt 0:04:14]} Rad8 {[%emt 0:00:28]} 18. Nc4 {[%emt 0:04:00]} Nf8 {[%emt 0:02:24]} 19. f4 {[%emt 0:12:48]} exf4 {[%emt 0:00:45]} 20. Nxg7 $11 {[%emt 0:00:24]} (20. gxf4 $16 {Black must now prevent Nxg7!} Qe6 21. Nce3 (21. Qg3 Bg6 22. Nxg7 Kxg7 $11)) 20... Kxg7 {[%emt 0:01:03]} 21. g4 {[%emt 0:00:20]} b5 {[%emt 0:05:23]} 22. Qh4 {[%emt 0:02:43]} Qe6 {[%emt 0:00:18]} 23. g5 {[%emt 0:03:16]} bxc4 {[%emt 0:00:58]} 24. Bxf6+ {[%emt 0:00:29]} Kg6 {[%emt 0:00:29]} 25. e5 {[%emt 0:01:53]} Qf5 {[%emt 0:00:30]} 26. Rxf4 {[%emt 0:00:47]} Bb6+ {[%emt 0:00:25]} 27. Kh1 {[%emt 0:00:33]} Qxc2 {[%emt 0:00:35]} 28. Bxd8 {[%emt 0:00:52]} Rxe5 {[%emt 0:00:31]} 29. Rf6+ {[%emt 0:01:07]} Kg7 {[%emt 0:00:05]} 30. Qxh5 {[%emt 0:00:32]} Ng6 {[%emt 0:00:35]} 31. Raf1 {[%emt 0:00:49]} Kg8 1-0

[Event "EIWCC 2017"]
[Site "Riga"]
[Date "2017.04.17"]
[Round "7"]
[White "Toma, Katarzyna"]
[Black "Grapsa, Georgia"]
[Result "1-0"]
[WhiteElo "2229"]
[BlackElo "2049"]
[Annotator "NA"]
[PlyCount "93"]
[EventDate "2017.??.??"]
[EventType "swiss"]
[EventCountry "LAT"]
[SourceTitle "playchess.com"]
[Source "ChessBase"]
[SourceQuality "1"]
[TimeControl "40/5400+30:1800+30"]

1. e4 {[%emt 0:00:00]} c5 {[%emt 0:00:06]} 2. Nf3 {[%emt 0:00:00]} d6 {[%emt 0:00:04]} 3. d4 {[%emt 0:00:00]} Nf6 {[%emt 0:00:04]} 4. Bb5+ {[%emt 0:00:40]} Nbd7 {[%emt 0:00:05]} 5. O-O {[%emt 0:00:58]} cxd4 {[%emt 0:00:59]} 6. Qxd4 {[%emt 0:00:16]} e5 {[%emt 0:00:10]} 7. Qd3 {[%emt 0:01:18] B51: Sicilian: Moscow Variation (3 Bb5+) without 3...Bd7} h6 {[%emt 0:00:28]} 8. c4 {[%emt 0:00:30]} a6 {[%emt 0:00:16]} 9. Bxd7+ {[%emt 0:01:04]} Bxd7 {[%emt 0:00:18]} 10. Nc3 {[%emt 0:00:27]} Rc8 {[%emt 0:04:27]} 11. a4 {[%emt 0:07:02]} Be7 {[%emt 0:08:02]} 12. Be3 {[%emt 0:04:21]} O-O {[%emt 0:08:16]} 13. a5 {[%emt 0:01:23]} Be6 {[%emt 0:02:45]} 14. b3 {[%emt 0:13:30]} Qc7 {[%emt 0:07:55]} 15. Nd2 $146 {[%emt 0:03:44]} (15. h3 Qb8 16. Nh4 Rfe8 17. Rfd1 Bf8 18. Nf5 Kh7 {½-½ (45) Mastrovasilis,D (2595)-Indjic,A (2549) Kragujevac 2013}) 15... Nd7 {[%emt 0:01:15]} 16. Rfd1 {[%emt 0:07:09]} Nc5 {[%emt 0:06:05]} 17. Qb1 {[%emt 0:12:13]} f5 {[%emt 0:06:16]} 18. exf5 {[%emt 0:00:08]} Bxf5 {[%emt 0:00:04]} 19. Qa2 {[%emt 0:00:11]} Be6 {[%emt 0:06:10]} 20. Bxc5 {[%emt 0:05:59]} dxc5 {[%emt 0:07:45]} 21. Nde4 {[%emt 0:00:08]} Qc6 {[%emt 0:04:09]} 22. Nd5 {[%emt 0:02:19]} Bh4 {[%emt 0:06:28]} 23. Qe2 {[%emt 0:01:48]} Rcd8 {[%emt 0:07:06]} 24. Qh5 {[%emt 0:06:26]} Bxd5 {[%emt 0:01:43]} 25. Qxh4 {[%emt 0:00:57]} Bxe4 {[%emt 0:07:14]} 26. Rxd8 {[%emt 0:00:07]} Bxg2 {[%emt 0:00:09]} 27. Rxf8+ {[%emt 0:01:10]} Kxf8 {[%emt 0:00:04]} 28. Re1 {[%emt 0:02:15]} Bf3 {[%emt 0:02:07]} 29. h3 {[%emt 0:07:28]} e4 {[%emt 0:02:08]} 30. Qf4+ {[%emt 0:00:30]} Kg8 {[%emt 0:00:18]} 31. Kh2 {[%emt 0:00:09]} Qd7 {[%emt 0:02:18]} 32. Rg1 {[%emt 0:02:04]} Qd4 {[%emt 0:00:14]} 33. Qg3 {[%emt 0:04:26]} g5 {[%emt 0:00:59]} 34. h4 {[%emt 0:04:14]} g4 {[%emt 0:01:25]} 35. Qb8+ {[%emt 0:02:05]} Kg7 {[%emt 0:00:24]} 36. Qg3 {[%emt 0:02:21]} Kf6 {[%emt 0:02:56]} 37. Qf4+ {[%emt 0:01:08]} Kg6 {[%emt 0:01:43]} 38. Kg3 {[%emt 0:00:10]} Kg7 {[%emt 0:02:53]} 39. h5 {[%emt 0:02:40]} Qc3 {[%emt 0:01:55]} 40. Qc7+ {[%emt 0:00:00]} Kh8 {[%emt 0:02:08]} 41. Qb8+ {[%emt 0:01:05]} Kg7 {[%emt 0:05:02]} 42. Qxb7+ {[%emt 0:00:20]} Kf6 {[%emt 0:02:51]} 43. Qxa6+ {[%emt 0:02:59]} Ke5 {[%emt 0:00:46]} 44. Qxh6 {[%emt 0:00:23]} Qxb3 $18 {[%emt 0:01:10]} 45. Qe3 {[%emt 0:00:56]} Qxc4 {[%emt 0:04:45]} 46. Rc1 {[%emt 0:00:15]} Qd3 {[%emt 0:00:07]} 47. Qxc5+ {[%emt 0:00:31]} 1-0